Human Resource Management : (Record no. 166461)

MARC details
000 -LEADER
fixed length control field 00602nam a22001817a 4500
010 ## - LCCN (DPL NO)
LC control number ENG-126066
020 ## - INTERNATIONAL STANDARD BOOK NUMBER
International Standard Book Number 978-93-8472-660-7
Terms of availability 1695.00
035 ## - SYSTEM CONTROL NUMBER
System control number EN-109598
037 ## - SOURCE OF ACQUISITION
Source of stock number/acquisition DBAD/PUB
082 ## - DEWEY DECIMAL CLASSIFICATION NUMBER
Classification number 658.3
100 ## - MAIN ENTRY--PERSONAL NAME
Personal name Naik,Chitra Atmaram
245 ## - TITLE STATEMENT
Title Human Resource Management :
Remainder of title Managing People at work (With Case Studies) /
Statement of responsibility, etc by Chitra Atmaram Naik
260 ## - PUBLICATION, DISTRIBUTION, ETC. (IMPRINT)
Place of publication, distribution, etc New Delhi
Name of publisher, distributor, etc Ane Books Pvt.Ltd.
Date of publication, distribution, etc 2018
270 ## - ADDRESS
Address 4821,Parwana Bhawan 1st Floor 24 Ansari Road, Darya Ganj
300 ## - PHYSICAL DESCRIPTION
Extent 334p.
Other physical details 24cm(hb)
700 ## - ADDED ENTRY--PERSONAL NAME
Personal name Chitra Atmaram Naik
942 ## - ADDED ENTRY ELEMENTS (KOHA)
Source of classification or shelving scheme Dewey Decimal Classification
Item type English Books
Classification part 658.3
Call number suffix NAI
Holdings
Withdrawn status Lost status Not for loan Collection code Home library Current library Date acquired Source of acquisition Cost, normal purchase price Full call number Barcode Copy number Cost, replacement price Koha item type
      Non-fiction Bawana Bawana 24/07/2019 DBAD/PUB 1695.00 658.3 NAI EN-109598 1 1695.00 English Books

© Delhi Public Library
Hit Counter
free hit counter